000 00542nam a2200181 i 4500
001 55339
003 ES-MaACL
005 20230906163126.0
007 t|
008 030917s1971 sp ||||1| spa d
100 1 _aDenis, Henri.
_943701
245 1 3 _aEl sacerdote del fututo /
_cHenri Denis ; traducción por Francisco Aparicio y Eloy Requena.
260 _aMadrid :
_bStudium,
_c[1971]
300 _a119 p. ;
_c18 cm.
700 1 _aAparicio, Francisco.
_922048
700 1 _aRequena, Eloy.
_996289
852 _aES-MaACL
_jC-49631
_bR.76819
999 _c55339
_d55339